Pak Madong, (Record no. 87715)

MARC details
000 -LEADER
fixed length control field 00650cam a22002171 4500
001 - CONTROL NUMBER
control field sa 68017441
003 - CONTROL NUMBER IDENTIFIER
control field DLC
005 - DATE AND TIME OF LATEST TRANSACTION
control field 20260227112702.0
008 - FIXED-LENGTH DATA ELEMENTS--GENERAL INFORMATION
fixed length control field 730328s1964 xx 000 0 ind
010 ## - LIBRARY OF CONGRESS CONTROL NUMBER
LC control number sa 68017441
035 ## - SYSTEM CONTROL NUMBER
System control number (OCoLC)592389
040 ## - CATALOGING SOURCE
Original cataloging agency DLC
Transcribing agency OAU
Modifying agency DLC
042 ## - AUTHENTICATION CODE
Authentication code premarc
050 00 - LIBRARY OF CONGRESS CALL NUMBER
Classification number PL5075
Item number .M3 1964
100 1# - MAIN ENTRY--PERSONAL NAME
Personal name Madjolelo, Junus Sutan.
245 10 - TITLE STATEMENT
Title Pak Madong,
Remainder of title batjaan anak² umur 10-12 tahun, disadjikan
Statement of responsibility, etc. oleh J. St. Madjolelo. Dihiasi 5 gambar oleh A. Djan.
250 ## - EDITION STATEMENT
Edition statement Tjet. 2.
260 ## - PUBLICATION, DISTRIBUTION, ETC.
Place of publication, distribution, etc. Djakarta,
Name of publisher, distributor, etc. Balai Pustaka,
Date of publication, distribution, etc. 1964.
300 ## - PHYSICAL DESCRIPTION
Extent 35 p.
Other physical details illus.
Dimensions 18 cm.
650 #0 - SUBJECT ADDED ENTRY--TOPICAL TERM
Topical term or geographic name entry element Indonesian language
General subdivision Readers

No items available.

Powered by Koha